Algorithms, sequential & parallel a unified approach
Previous edition: Hingham, Mass.: Charles River Media, 2005; Includes bibliographical references and index
Sparad:
| Huvudupphovsman: | |
|---|---|
| Övriga upphovsmän: | |
| Materialtyp: | Bok |
| Språk: | Undetermined |
| Publicerad: |
Boston, MA, USA
Cengage Learning
[2013]
|
| Ämnen: | |
| Länkar: | http://lrc.tdmu.edu.vn/opac/search/detail.asp?aID=2&ID=24913 |
| Taggar: |
Lägg till en tagg
Inga taggar, Lägg till första taggen!
|
| Thư viện lưu trữ: | Trung tâm Học liệu Trường Đại học Thủ Dầu Một |
|---|
| LEADER | 00863nam a2200229Ia 4500 | ||
|---|---|---|---|
| 001 | TDMU_24913 | ||
| 008 | 210410s9999 xx 000 0 und d | ||
| 082 | |a 005.1 | ||
| 090 | |b M309 | ||
| 100 | |a Miller, Russ | ||
| 245 | 0 | |a Algorithms, sequential & parallel | |
| 245 | 2 | |b a unified approach | |
| 245 | 0 | |c Russ Miller, Laurence Boxer | |
| 260 | |a Boston, MA, USA | ||
| 260 | |b Cengage Learning | ||
| 260 | |c [2013] | ||
| 300 | |a 417 pages | ||
| 520 | |a Previous edition: Hingham, Mass.: Charles River Media, 2005; Includes bibliographical references and index | ||
| 650 | |a Computer algorithms; Computer programming; Thuật toán máy tính; Chương trình máy tính | ||
| 700 | |a Boxer, Laurence | ||
| 856 | |u http://lrc.tdmu.edu.vn/opac/search/detail.asp?aID=2&ID=24913 | ||
| 980 | |a Trung tâm Học liệu Trường Đại học Thủ Dầu Một | ||